000 00841cam a2200205 4500
001 ABS61185
008 000000n1999 000 0 eng u
035 _a(Sirsi) u101776
245 _aBuilding intelligence - September 1999.
260 _c1999
490 _aBuilding Intelligence
_vSeptember 1999 (20) LOAN
520 _aReview of the construction industry for September 1999. Includes articles on: conflicting forecasts for the next few years; the Spanish construction industry; the private rental market; and reviews of statistics for orders by sector, housing orders, new-build, and construction earnings.
650 _aCONSTRUCTION MARKET
650 _aCONSTRUCTION FORECASTS
650 _aCONSTRUCTION ORDERS
650 _aNEW ORDERS
650 _aSTATISTICS
690 _aBUILDING AND CONSTRUCTION-ECONOMICS
942 _n0
999 _c60890
_d60890